00298nam a2200121Ia 4500008004100000100002100041245003300062260003900095300000800134650001000142942000700152999001700159190216s9999||||xx |||||||||||||| ||und|| aHedhu Bharaduraj 0aHindi- Raste Band Nahin Hote bPanchazeel Prakashan Jaipurec2000 a170 aHindi cBK c16142d16142